[Event "Irkutsk-ch U19"]
[Site "Irkutsk"]
[Date "2017.01.20"]
[Round "9"]
[White "Savinykh, Mikhail"]
[Black "Turov, Dmitry"]
[Result "1-0"]
[WhiteElo "1687"]
[BlackElo "1610"]
[PlyCount "99"]
[EventDate "2017.01.14"]
[EventType "swiss"]
[EventRounds "9"]
[EventCountry "RUS"]
[SourceTitle "EXT 2022"]
[Source "ChessBase"]
[SourceDate "2021.10.06"]
[SourceVersion "1"]
[SourceVersionDate "2021.10.06"]
[SourceQuality "1"]

1. e4 e5 2. Nf3 Nc6 3. Bc4 Be7 4. d4 d6 5. Bb5 a6 6. Bxc6+ bxc6 7. dxe5 Bg4 8. exd6 Bxd6 9. Nbd2 Ne7 10. 0-0 0-0 11. h3 Bh5 12. c4 Bf4 13. Nb3 Qxd1 14. Rxd1 Bxc1 15. Raxc1 Bxf3 16. gxf3 Rfd8 17. Nc5 Ng6 18. Rxd8+ Rxd8 19. Nxa6 Nf4 20. Rc2 Nxh3+ 21. Kf1 Nf4 22. Kg1 Ne6 23. Kg2 c5 24. b4 Ra8 25. Nxc5 Nxc5 26. bxc5 Rd8 27. Kg3 f6 28. f4 h5 29. f3 Rd4 30. f5 Rd1 31. Rc3 Kf7 32. c6 Ke7 33. c5 Kd8 34. a4 Kc8 35. Rc4 Kb8 36. Rb4+ Kc8 37. a5 Rc1 38. Rb5 Ra1 39. Kf4 Kd8 40. Rb8+ Ke7 41. Rc8 Rxa5 42. Rxc7+ Kf8 43. Rd7 Rxc5 44. c7 Kg8 45. Rd8+ Kh7 46. c8Q Rxc8 47. Rxc8 g5+ 48. fxg6+ Kxg6 49. Rc6 Kf7 50. e5 1-0

[Event "Irkutsk-ch U19"]
[Site "Irkutsk"]
[Date "2017.01.19"]
[Round "8"]
[White "Daurtsev, Egor"]
[Black "Savinykh, Mikhail"]
[Result "1-0"]
[WhiteElo "1667"]
[BlackElo "1687"]
[PlyCount "61"]
[EventDate "2017.01.14"]
[EventType "swiss"]
[EventRounds "9"]
[EventCountry "RUS"]
[SourceTitle "EXT 2022"]
[Source "ChessBase"]
[SourceDate "2021.10.06"]
[SourceVersion "1"]
[SourceVersionDate "2021.10.06"]
[SourceQuality "1"]

1. e4 e5 2. Nf3 Nc6 3. Bb5 d6 4. 0-0 Nf6 5. c3 Bg4 6. h3 Bh5 7. d3 Be7 8. Nbd2 0-0 9. Re1 a6 10. Ba4 Rb8 11. Nf1 b5 12. Bc2 d5 13. Qe2 d4 14. Ng3 Bxf3 15. Qxf3 b4 16. cxb4 Nxb4 17. Bb3 c5 18. Nf5 Nd7 19. Qg3 g6 20. Bh6 Re8 21. Bd2 Bf6 22. Nh6+ Kg7 23. Nxf7 Qb6 24. Bh6+ Kg8 25. Nxe5+ Kh8 26. Nxd7 Qb7 27. Nxf6 Rf8 28. Bxf8 Rxf8 29. Ng4 Qb5 30. Qe5+ Rf6 31. Qxf6# 1-0

[Event "Irkutsk-ch U19"]
[Site "Irkutsk"]
[Date "2017.01.18"]
[Round "7"]
[White "Savinykh, Mikhail"]
[Black "Kyshtymov, Daniil"]
[Result "1/2-1/2"]
[WhiteElo "1687"]
[BlackElo "1992"]
[PlyCount "133"]
[EventDate "2017.01.14"]
[EventType "swiss"]
[EventRounds "9"]
[EventCountry "RUS"]
[SourceTitle "EXT 2022"]
[Source "ChessBase"]
[SourceDate "2021.10.06"]
[SourceVersion "1"]
[SourceVersionDate "2021.10.06"]
[SourceQuality "1"]

1. e4 c6 2. d4 d5 3. exd5 cxd5 4. Nf3 Nc6 5. c4 Nf6 6. Nc3 e6 7. Bg5 dxc4 8. Bxc4 Be7 9. 0-0 0-0 10. Re1 Nd5 11. Bxd5 exd5 12. Bxe7 Nxe7 13. Qd2 h6 14. h3 Be6 15. Ne5 Rc8 16. Rac1 Nf5 17. Nf3 Nd6 18. b3 Qf6 19. Re5 Rcd8 20. Qd3 Nf5 21. Nb5 a6 22. Nc7 Rc8 23. Rc3 Ne7 24. Nxe6 fxe6 25. Rxc8 Rxc8 26. Qe2 Rc6 27. Qd2 Nf5 28. Re2 Nd6 29. Ne5 Ne4 30. Rxe4 dxe4 31. Nxc6 bxc6 32. Qe3 e5 33. dxe5 Qxe5 34. a4 a5 35. Qb6 Qd5 36. Kh2 Kh7 37. Kg1 Qd1+ 38. Kh2 Qd6+ 39. Kg1 Qd5 40. Kh2 Qe5+ 41. Kg1 Qc3 42. Qe3 Qxe3 43. fxe3 c5 44. Kf2 Kg6 45. Ke2 Kf5 46. g3 h5 47. Kd2 Ke5 48. Kc2 g5 49. g4 h4 50. Kd2 Kd6 51. Kc2 Kc6 52. Kd2 Kd6 53. Kc2 Ke5 54. Kd2 Ke6 55. Kc2 Kd6 56. Kd2 Kc6 57. Kc2 Kd5 58. Kc3 Kd6 59. Kd2 Kd5 60. Kc3 Kd6 61. Kd2 Kd7 62. Kc3 Kc7 63. Kc2 Kb7 64. Kc3 Kb6 65. Kd2 Kc6 66. Kc2 Kd6 67. Kd2 1/2-1/2

[Event "Irkutsk-ch U19"]
[Site "Irkutsk"]
[Date "2017.01.17"]
[Round "5"]
[White "Kiseleva, Alina"]
[Black "Savinykh, Mikhail"]
[Result "0-1"]
[WhiteElo "1381"]
[BlackElo "1687"]
[PlyCount "104"]
[EventDate "2017.01.14"]
[EventType "swiss"]
[EventRounds "9"]
[EventCountry "RUS"]
[SourceTitle "EXT 2022"]
[Source "ChessBase"]
[SourceDate "2021.10.06"]
[SourceVersion "1"]
[SourceVersionDate "2021.10.06"]
[SourceQuality "1"]

1. e4 e6 2. d4 d5 3. exd5 exd5 4. c4 Nf6 5. Bg5 Bb4+ 6. Nc3 c6 7. Nf3 0-0 8. Be2 Bg4 9. 0-0 dxc4 10. Bxc4 Bxf3 11. Qxf3 Qxd4 12. Bb3 Nbd7 13. Rad1 Qc5 14. Be3 Qa5 15. Ne4 a6 16. a3 Be7 17. Bd2 Qb6 18. Nxf6+ Nxf6 19. Rfe1 Bc5 20. Bg5 Bd4 21. Bc1 Ng4 22. Rf1 Nxf2 23. Rxf2 Bxf2+ 24. Qxf2 Qxb3 25. Rf1 Rad8 26. h3 Rd1 27. Kh2 Rxf1 28. Qxf1 Qb5 29. Qf3 Re8 30. Qg3 Qe5 31. Qxe5 Rxe5 32. Bd2 g6 33. Bc3 Re2 34. Kg3 f5 35. Kf3 Rc2 36. g3 Kf7 37. h4 Rxc3+ 38. bxc3 Kf6 39. Ke3 Ke5 40. Kd3 h6 41. Ke3 g5 42. hxg5 hxg5 43. Kf3 f4 44. gxf4+ gxf4 45. Kf2 Ke4 46. Ke2 f3+ 47. Kf1 Ke3 48. c4 b6 49. a4 a5 50. c5 bxc5 51. Ke1 c4 52. Kf1 c3 0-1